Normal view
MARC view
- Kresic, Neven
Entry Personal Name
001 - CONTROL NUMBER
- control field: 227
003 - CONTROL NUMBER IDENTIFIER
- control field: OSt
005 - DATE AND TIME OF LATEST TRANSACTION
- control field: 20150123144428.0
008 - FIXED-LENGTH DATA ELEMENTS
- fixed length control field: 150123|| aca||aabn | a|a d
040 ## - CATALOGING SOURCE
- Original cataloging agency: OSt
- Transcribing agency: OSt
100 ## - HEADING--PERSONAL NAME
- Personal name: Kresic, Neven
670 ## - SOURCE DATA FOUND
- Source citation: Work cat.: (OSt): Kresic, Neven, Hydrology and Groundwater Modeling , 2007
